000 00879nam a22002777a 4500
001 8051
003 FISKH
005 20250819160320.0
008 250819b cb ||||| |||| 00| 0 eng d
020 _a033500001062
040 _aFISKH
_beng
_cFISKH
_dFISKH
050 _aPR1309.F26 W3
082 _a398.2
100 _aWalt Disney
245 _aWalt Disney's favorite nursery tales :
_bthe gingerbread man and the golden goose /
_cBy Walt Disney
260 _aNew York :
_bA Golden Book ,
_c1973.
300 _a24 unnumbered pages :
_bcolor illustrations ;
_c20 cm.
490 _aA Little Golden Book
505 _aJ
520 _aClassic nursery ryhms featuring your favorite disney characters.
521 8 _a500
_bLexile estimate
521 8 _aJ
_bRaz-Plus
650 _aGingerbread man
_vChildren's literature
942 _2ddc
_cBK
_n0
999 _c8051
_d8051